Online Catalogue and eLibrary

Institutionalizing gender equality : (Record no. 30)

MARC details
000 -LEADER
fixed length control field 00932cam a22002777a 4500
001 - CONTROL NUMBER
control field 12481699
005 - DATE AND TIME OF LATEST TRANSACTION
control field 20231119232801.0
008 - FIXED-LENGTH DATA ELEMENTS--GENERAL INFORMATION
fixed length control field 010124s2000 ne b 001 0 engod
020 ## - INTERNATIONAL STANDARD BOOK NUMBER
ISBN 9068326341 (KIT : pbk.)
020 ## - INTERNATIONAL STANDARD BOOK NUMBER
ISBN 0855984597 (Oxfam : pbk.)
040 ## - CATALOGING SOURCE (பட்டியலாக்க மூலம்)
Original cataloging agency OHX
Transcribing agency GZM
Modifying agency DLC
082 ## - DDC Classification
DDC Edition Number 22
Class No. 305.3
245 00 - TITLE STATEMENT
Title Institutionalizing gender equality :
Remainder of title commitment, policy and practice : a global source book.
Statement of responsibility, etc. Henk van Dam, Angela Khadar & Minke Valk
260 ## - PUBLICATION, DISTRIBUTION, ETC.
Place of publication, distribution, etc. Amsterdam :
Name of publisher, distributor, etc. KIT Publishers ;
Place of publication, distribution, etc. Oxford, U.K. :
Name of publisher, distributor, etc. Oxfam,
Date of publication, distribution, etc. 2000.
300 ## - PHYSICAL DESCRIPTION
Extent (e.g. Volumes, Pages etc.) 172 p. ;
500 ## - GENERAL NOTE
General note At foot of t.p.: International Information Centre and Archives for the Women's Movement, The Netherlands.
650 #0 - SUBJECT ADDED ENTRY--TOPICAL TERM
Topical term or geographic name entry element Women
650 #0 - SUBJECT ADDED ENTRY--TOPICAL TERM
Topical term or geographic name entry element Women in development.
650 #0 - SUBJECT ADDED ENTRY--TOPICAL TERM
Topical term or geographic name entry element Women
650 #0 - SUBJECT ADDED ENTRY--TOPICAL TERM
Topical term or geographic name entry element Women in development
650 #0 - SUBJECT ADDED ENTRY--TOPICAL TERM
Topical term or geographic name entry element Equality
700 ## - ADDED ENTRY--PERSONAL NAME
Personal name Dam van Henk,
Relator term (Role) Editor
700 ## - ADDED ENTRY--PERSONAL NAME
Personal name Khadar Angela,
Relator term (Role) Editor
700 ## - ADDED ENTRY--PERSONAL NAME
Personal name Valk Minke,
Relator term (Role) Editor
942 ## - Koha item type (Biblio)
Koha item type Books in Stacks (Lending)
Holdings
Lost status Damaged status Collection code Home library Current library Date acquired Full call number Accession Number Item type
    Lending WERC Library WERC Library 11/20/2023 305.3 4281 Books in Stacks (Lending)

© WERC Library